000 00518nam a2200157 i 4500
001 79606
003 ES-MaACL
005 20230906174020.0
007 t|
008 041022s1968 sp ||||1| spa d
100 1 _aHernández Vista, Eugenio.
_963075
245 1 0 _aVirgilio
_b: figura y situaciones de La Eneida /
_cintroducción, texto, notas y estudio estilístico Eugenio Hernández Vista.
260 _aMadrid :
_bGregorio del Toro,
_c[1968]
300 _a388 p. ;
_c21 cm.
852 _aES-MaACL
_jC-35411
_bR.67332
999 _c79606
_d79606